000 00515nam a2200193Ia 4500
999 _c37479
_d37479
003 OSt
005 20200930140302.0
008 190216s9999||||xx |||||||||||||| ||und||
020 _a9780534420284
040 _coclc
082 _a612
_bSTA/B
100 _aStarr, Cecie
_95224
245 0 _aBiology A Human Emphasis /
_cCecie Starr
250 _a6th Ed.
260 _bThomson Books/Cole,
_c2009.
_aUSA:
300 _a825p
650 _aZoology
942 _cBK
_2ddc
_h612
_iSTA/B
_k612
_mSTA/B